[Event "EYCC 2017"]
[Site "Mamaia"]
[Date "2017.09.11"]
[Round "6"]
[White "Vrolijk, Liam"]
[Black "Yordanov, Lachezar"]
[Result "1-0"]
[WhiteElo "2418"]
[BlackElo "2297"]
[Annotator "TA"]
[PlyCount "91"]
[EventDate "2017.??.??"]
[EventType "swiss"]
[EventCountry "ROU"]
[SourceTitle "playchess.com"]
[Source "ChessBase"]
[SourceQuality "1"]

{[%evp 21,91,26,26,32,26,17,58,60,79,76,110,103,94,86,78,78,97,86,92,81,85,91,95,62,45,0,0,0,0,0,0,0,6,0,0,0,83,86,106,45,111,58,550,527,550,124,530,525,506,505,382,328,29979,29981,29979,29975,29973,29972,29981,29982,29982,29983,29983,29983,29985,29986,29985,29986,29992,29993,29993,29985]} 1. d4 Nf6 2. c4 e6 3. Nf3 Bb4+ 4. Bd2 Qe7 5. g3 Nc6 6. Nc3 O-O 7. Bg2 Na5 {E11: Bogo-Indian} (7... d6 8. O-O a5 9. Rc1 Bxc3 10. Bxc3 e5 11. d5 Nb8 12. c5 Nbd7 13. cxd6 cxd6 14. Nd2 b5 15. b3 Nb6 16. e4 b4 17. Bb2 Ba6 18. Re1 {½-½ (32) Riazantsev,A (2671)-Bologan,V (2640) Doha 2016}) 8. b3 b6 9. O-O Bb7 10. Qc2 d5 11. cxd5 exd5 {LiveBook: 7 Games} 12. Ne5 c5 13. a3 $146 ({Predecessor:} 13. Nd3 Rac8 14. dxc5 Bxc5 15. Nxc5 Qxc5 {1-0 (25) Blagojevic,D (2520)-Pregarac,V (2164) Nova Gorica 2015}) 13... cxd4 14. axb4 dxc3 15. Bxc3 Nc6 16. Nxc6 Bxc6 17. Bxf6 Qxf6 18. Rfc1 Bb5 19. Bxd5 Rad8 20. Bc4 a6 21. Rd1 g6 22. Rac1 Qe7 23. Qc3 Bxc4 24. bxc4 {And now Rxd8 would win.} Rxd1+ 25. Rxd1 Qxe2 $11 {[%mdl 4096] Endgame KQR-KQR} 26. Re1 Qg4 $1 27. c5 bxc5 28. bxc5 {[%cal Bb4c5,Bc5c6][%mdl 32] Strongly threatening c6.} Qd7 (28... Rc8 $11) 29. c6 $36 {[%mdl 2048] Keeping Black busy.} Qd6 30. Ra1 (30. Rc1 $16) 30... Ra8 ({Black should try} 30... Rc8 $14) 31. Ra5 (31. c7 $16 Rc8 32. Rc1) 31... Qc7 $2 {[%mdl 8192]} (31... Rc8 $14) 32. h4 h5 {[#]} 33. Kg2 $2 (33. Rd5 $1 $18 {and the rest is easy.}) 33... Qb6 $2 {[%mdl 8192] [#]} (33... Qe7 $16 {is more resistant.} 34. c7 Rc8) 34. Rd5 $1 $18 Rc8 35. Rd6 a5 36. Qc4 Rc7 $2 (36... Kg7 $18 37. Qd5 Qc7) 37. Rxg6+ {White mates.} Kf8 38. Rh6 Kg7 39. Rd6 f6 40. Qe6 Rf7 41. Rd7 Rxd7 42. Qxd7+ ({Stronger than} 42. cxd7 Qxe6 43. d8=Q Qc6+ 44. Kg1 a4 $11) 42... Kg6 43. c7 Qb7+ 44. Kh2 Qb6 45. Qd3+ Kg7 46. Qc2 {Precision: White = 42%, Black = 35%.} 1-0

[Event "EYCC 2017"]
[Site "Mamaia"]
[Date "2017.09.11"]
[Round "6"]
[White "Henderson de La Fuente, Lance"]
[Black "Kucuksari, Kaan"]
[Result "1/2-1/2"]
[WhiteElo "2408"]
[BlackElo "2319"]
[Annotator "TA"]
[PlyCount "115"]
[EventDate "2017.??.??"]
[EventType "swiss"]
[EventCountry "ROU"]
[SourceTitle "playchess.com"]
[Source "ChessBase"]
[SourceQuality "1"]

{[%evp 34,115,71,22,89,68,68,60,59,47,60,3,41,38,38,-29,-35,-21,0,0,0,-8,12,6,133,104,75,104,144,131,149,151,435,429,490,490,490,485,476,368,476,473,515,510,456,396,566,283,281,282,279,266,268,266,248,197,186,147,158,83,130,11,12,0,0,0,0,0,0,0,0,0,0,0,0,0,0,0,0,0,0,0,0,0]} 1. e4 c5 2. Nf3 e6 3. d4 cxd4 4. Nxd4 a6 5. c4 Nf6 6. Nc3 Qc7 7. a3 d6 8. Be2 Be7 9. O-O Nbd7 10. Be3 b6 11. Rc1 Bb7 12. f3 O-O 13. Qd2 Rac8 14. Rfd1 Rfe8 15. b4 Qb8 16. Nb3 h5 {A31: Symmetrical English: 2 Nf3 Nf6 3 d4} (16... Bc6 17. Kh1 h6 18. Bf1 Ne5 19. Qf2 Bd7 20. Nb1 Ba4 21. N1d2 b5 22. c5 dxc5 23. Bxc5 Bxc5 24. Rxc5 {0-1 (62) Negi,P (2664)-Hou,Y (2683) Saint Louis 2015}) 17. Bf1 h4 18. Qf2 {LiveBook: 3 Games} Bd8 (18... h3 $11 {keeps the balance.}) 19. Na4 {[%cal Ra4b6]} d5 $146 ({Find the theoretical novelty and annotate with similar games:} 19... Ba8 20. Bf4 Be7 21. c5 b5 22. Nc3 Ne5 23. Bxe5 dxe5 24. Ra1 {½-½ (34) Banzea,A (2232)-Ardelean,G (2493) Calimanesti Caciulata 2017}) 20. Nxb6 (20. Qxh4 dxc4 21. Rxc4 Rxc4 $17) 20... Bxb6 21. Bxb6 dxe4 22. Bc5 ({White should play} 22. Ba7 $14 Qc7 23. Bc5) 22... exf3 $11 23. Bd6 Qa8 24. Qxh4 (24. gxf3 $1 $14 Bxf3 25. Rd3) 24... fxg2 25. Bd3 Bf3 26. Re1 e5 {Threatens to win with ...Rc6.} 27. Bf5 e4 (27... a5 $5) 28. Nd4 $1 Rcd8 (28... Qb7 $11) 29. Nxf3 $16 exf3 30. Be7 $1 Rb8 31. Rcd1 $1 {[%cal Rd1d7]} Rb7 32. Qg3 $40 {[%mdl 128] Black is in trouble.} Qb8 $2 (32... Ra7 $16 {might work better.}) 33. Qxb8 $18 Nxb8 34. Bxf6 $1 {[%cal Re1e8]} Rxe1+ 35. Rxe1 {[%cal Re1e8]} gxf6 {[%mdl 4096] Endgame KRB-KRN} 36. Re8+ Kg7 {White should prevent ...Nc6.} 37. Be4 Rd7 {( -> ...Rd1+)} 38. Bxf3 Rd3 39. Be4 (39. Rxb8 Rxf3 40. Ra8 (40. Kxg2 Rxa3 41. c5 Rc3 $16) 40... Rc3 $18) 39... Re3 (39... Rd1+ $142 40. Kxg2 Nd7) 40. Rxb8 Rxe4 {KR-KR} 41. c5 (41. Kxg2 Rxc4 42. a4 Kg6 $14) 41... Re2 {[#]} 42. Rd8 $1 f5 43. Rd3 Rc2 44. Rf3 Kf6 45. Rf2 Rc3 46. Kxg2 (46. a4 $142) 46... Rxa3 $16 {[#]} 47. Rc2 (47. h4 $1 $16) 47... Ke7 $1 $11 {The position is equal.} 48. c6 {c7 is the strong threat.} Kd8 49. Rc4 Ra4 50. h4 Kc7 51. h5 a5 52. h6 {aiming for h7.} (52. Kh3 $5 {[%cal Rh5h6]}) 52... axb4 53. Kg3 {Hoping for h7.} Ra8 ({But not} 53... Ra3+ $6 54. Kh4 $16) 54. Rxb4 Kxc6 55. Kf4 Rh8 56. Kg5 Kd5 57. Rb1 (57. Rb7 $5 {[%cal Rb7f7]} Rh7 58. Rb5+ (58. Kxf5 Rxh6 59. Rd7+ Kc4 $11) 58... Ke4 59. Rb8 $11 (59. Rxf5 Rxh6 60. Rf4+ Ke3 $11)) 57... f4 58. Rf1 {Precision: White = 68%, Black = 61%.} 1/2-1/2

[Event "EYCC 2017"]
[Site "Mamaia"]
[Date "2017.09.11"]
[Round "6"]
[White "Warmerdam, Max"]
[Black "Askerov, Marat"]
[Result "1/2-1/2"]
[WhiteElo "2399"]
[BlackElo "2281"]
[Annotator "TA"]
[PlyCount "73"]
[EventDate "2017.??.??"]
[EventType "swiss"]
[EventCountry "ROU"]
[SourceTitle "playchess.com"]
[Source "ChessBase"]
[SourceQuality "1"]

{[%evp 20,73,29,25,47,43,22,24,73,22,39,48,54,52,98,31,39,0,0,0,0,0,4,0,0,0,0,0,0,0,0,0,0,0,0,-641,0,0,0,0,0,0,0,0,27,28,31,31,25,26,22,29,32,14,42,41]} 1. e4 c6 2. d4 d5 3. e5 Bf5 4. Nf3 e6 5. Be2 Ne7 6. O-O c5 7. dxc5 Nec6 {B12: Caro-Kann: Advance Variation} 8. Be3 Nd7 9. c4 dxc4 10. Na3 (10. Bxc4 Bxc5 11. Qe2 Bxe3 12. Qxe3 Qb6 13. Qxb6 axb6 14. Bb5 Ke7 15. Bxc6 bxc6 {0-1 (52) Akopian,V (2648)-Ivanchuk,V (2726) Berlin 2015}) 10... c3 11. Qb3 {LiveBook: 5 Games. And now Rad1 would win.} Bxc5 12. Bxc5 Nxc5 13. Qxc3 Qe7 $146 ({Predecessor:} 13... Ne4 14. Qe3 O-O 15. Nc4 Qe7 16. Bd3 Qc5 17. Qe2 Nd4 18. Nxd4 Qxd4 19. Rad1 Rfd8 20. Bc2 {1-0 (20) Hjartarson,J (2605)-Bjarnason,S (2265) Akureyri 1997}) 14. Bb5 ({White should play} 14. Rac1 $16 Na4 15. Qe3) 14... Be4 15. Rac1 Nd7 16. Nd4 Qg5 {[%csl Ge4][%cal Rg5g2] [#]} 17. f3 (17. g3 $1 $16) 17... Bd5 $1 $14 18. Nxc6 bxc6 19. Bxc6 Rc8 20. Bxd7+ Kxd7 21. Qe1 Bxf3 {[%csl Gf3][%cal Rg5g2] [#]} 22. Rd1+ $1 {[%mdl 512]} Bxd1 23. Qxd1+ Ke7 24. Qd6+ Ke8 25. Nb5 {Black must now prevent Qa3.} Qe3+ 26. Kh1 Qe2 {[%cal Re2f1]} 27. Nc7+ $1 {[#]} Rxc7 $1 {[%cal Re2f1][%mdl 512]} 28. Rd1 {[#]} (28. Qxc7 Qxf1#) 28... Qxd1+ $1 29. Qxd1 $11 {[%mdl 4096] Endgame KQ-KRR} f6 30. h3 {Strongly threatening Qd6.} Kf7 31. exf6 Rhc8 32. Qh5+ Kxf6 33. Qxh7 Rc2 34. Qh4+ Kf7 35. Qf4+ Kg8 36. Qe3 Re8 37. Qe5 {Precision: White = 71%, Black = 47%.} 1/2-1/2

[Event "EYCC 2017"]
[Site "Mamaia"]
[Date "2017.09.11"]
[Round "6"]
[White "Haria, Ravi"]
[Black "Livaic, Leon"]
[Result "0-1"]
[WhiteElo "2398"]
[BlackElo "2461"]
[Annotator "TA"]
[PlyCount "80"]
[EventDate "2017.??.??"]
[EventType "swiss"]
[EventCountry "ROU"]
[SourceTitle "playchess.com"]
[Source "ChessBase"]
[SourceQuality "1"]

{[%evp 16,80,12,15,41,0,20,10,31,25,20,9,50,-8,7,1,16,-6,-10,-1,-2,14,-12,-7,31,-16,-10,-13,-12,-125,-120,-112,-131,-447,-415,-445,-341,-338,-271,-278,-266,-268,-239,-235,-240,-288,-162,-181,-172,-310,-301,-353,-336,-362,-354,-401,-387,-622,-597,-1213,-1194,-1214,-1141,-2391,-1975,-6442,-6330]} 1. e4 e6 2. d4 d5 3. Nd2 c5 4. Ngf3 cxd4 5. Nxd4 Nf6 6. exd5 Nxd5 7. N2f3 {C07: French Tarrasch: 3...c5, 4 Ngf3 and 4 exd5 Qxd5} Bb4+ 8. Bd2 O-O 9. Be2 {LiveBook: 15 Games. The position is equal.} Nd7 $146 {[%cal Bb8d7,Bd7c5,Bc5d3][%mdl 32]} ({Find the theoretical novelty and annotate with similar games:} 9... Qb6 10. c3 Bc5 11. Qb3 Qc7 12. Nb5 Qb6 13. Nbd4 Qc7 14. c4 Nf6 {1-0 (51) Efimenko,Z (2636)-Wagner,D (2563) Abu Dhabi 2017}) 10. c3 Be7 11. O-O Bf6 12. c4 Ne7 13. Qc2 Nc5 (13... e5 $5 {[%cal Re5d4]} 14. Nb3 Qc7 $14) 14. Be3 (14. Rfd1 $14) 14... e5 $11 15. Nb5 Bf5 16. Qc1 Nd3 17. Bxd3 Bxd3 18. Rd1 e4 19. Ne1 Nc6 20. Bc5 Re8 21. Nd6 Bd4 22. Ba3 (22. Qf4 $11 {remains equal.} Bxc5 23. Qxf7+ Kh8 24. Nxe8 Qxe8 25. Qxe8+ Rxe8 26. Nxd3 exd3 27. Rxd3) 22... Re6 $17 23. Nxd3 exd3 24. Nb5 $2 {[%mdl 8192]} (24. Rxd3 $17 {is a better chance.} Rxd6 25. Bxd6 Qxd6 26. Qd2) 24... Qh4 25. Rf1 Rh6 {[%csl Gh6][%cal Rh4h2] [#]} 26. Bd6 Ne5 27. Bxe5 Bxe5 {[%csl Ge5,Gh6][%cal Rh4h2]} 28. h3 a6 $40 {[%mdl 128] White is in trouble.} 29. Nc3 Qxc4 30. Qe3 Bxc3 (30... Re6 $142 {...Bh2+! is the strong threat.} 31. Qd2 Rd8) 31. bxc3 Rd8 32. Qe7 (32. Rfe1 {was called for.} Qc6 33. Qd2) 32... Qc8 $19 33. Rab1 b5 {[%cal Bb7b5,Bb5a4,Ba4a3][%mdl 32]} 34. a4 Re6 ({Resist} 34... bxa4 35. Rb7 $19) 35. Qh4 bxa4 36. Rb4 $2 (36. Qb4) 36... a3 {Black is clearly winning.} 37. Rd1 d2 38. f4 Rde8 {[#] Hoping for ...Re1+.} 39. Kh2 Qxc3 40. f5 Re1 {Precision: White = 21%, Black = 71%.} 0-1

[Event "EYCC 2017"]
[Site "Mamaia"]
[Date "2017.09.11"]
[Round "6"]
[White "Tica, Sven"]
[Black "Costachi, Mihnea"]
[Result "1/2-1/2"]
[WhiteElo "2389"]
[BlackElo "2418"]
[Annotator "TA"]
[PlyCount "101"]
[EventDate "2017.??.??"]
[EventType "swiss"]
[EventCountry "ROU"]
[SourceTitle "playchess.com"]
[Source "ChessBase"]
[SourceQuality "1"]

{[%evp 19,101,21,25,31,17,25,35,33,37,35,25,30,41,34,45,45,45,46,43,45,60,58,55,53,77,72,105,120,125,74,133,152,138,144,133,121,157,157,141,137,273,237,251,245,235,241,260,203,430,430,448,304,442,427,504,491,416,0,442,406,464,430,441,422,388,356,303,133,166,114,141,145,107,0,0,0,0,0,0,0,0,0,0,0]} 1. Nf3 Nf6 2. d4 g6 3. g3 Bg7 4. Bg2 O-O 5. O-O d6 6. b3 c5 7. c4 e5 {E60: King's Indian: Unusual lines and Fianchetto Variation without Nc3} 8. dxe5 dxe5 9. Bb2 e4 10. Qxd8 Rxd8 {LiveBook: 4 Games} 11. Ng5 Bf5 12. g4 Bxg4 13. Nxe4 Nxe4 14. Bxg7 Kxg7 15. Bxe4 Nc6 $146 16. Nc3 Nd4 17. f3 $1 {[%cal Rf3g4]} Bh3 18. Rfd1 Rab8 19. e3 Ne6 20. Kf2 Ng5 21. Bd5 Bd7 22. Rd2 b6 23. Rad1 Be8 24. e4 ({Better is} 24. h4 $1 {[%cal Rh4g5]} Ne6 25. f4) 24... Ne6 (24... Kf6 $142) 25. Bxe6 $1 $16 Rxd2+ 26. Rxd2 fxe6 {[%mdl 4096] Endgame [#] KRB-KRN} 27. e5 $1 Kf7 28. Rd6 Ke7 29. Ne4 h5 (29... Rd8 $16 {was called for.}) 30. Ke3 $18 Rc8 31. Kf4 Bc6 32. Nf6 Rc7 33. a4 g5+ $2 (33... Kf7 34. Ne4 Ke7) 34. Kxg5 Bxf3 35. Kg6 Bg4 (35... h4 $142 36. Ng8+ Ke8 37. Rxe6+ Kf8) 36. h4 Be2 37. Ng8+ Ke8 38. Nf6+ Ke7 39. Kg7 Bf3 40. Rd2 Rb7 41. Rd3 Be2 42. Re3 Bd1 43. Kh6 (43. Rg3 $18 {and White stays clearly on top.}) 43... Rb8 $16 44. Rd3 (44. Rg3 $18 Rh8+ 45. Kg7) 44... Rd8 {[#]} 45. Rxd8 $1 Kxd8 {KB-KN} 46. Kg7 ({White should try} 46. Nxh5 $16 Ke7 47. Kg6) 46... Ke7 $11 {The position is equal.} ({Don't play} 46... Bxb3 $6 47. Nxh5 Bxa4 48. Nf4 $16) 47. Ng8+ Ke8 48. Nf6+ Ke7 $1 49. Ng8+ Ke8 50. Nf6+ Ke7 $1 51. Ng8+ {Precision: White = 74%, Black = 45%.} 1/2-1/2

[Event "EYCC 2017"]
[Site "Mamaia"]
[Date "2017.09.11"]
[Round "6"]
[White "Erenberg, Ariel"]
[Black "Macko, Miroslav"]
[Result "1-0"]
[WhiteElo "2386"]
[BlackElo "2303"]
[Annotator "TA"]
[PlyCount "117"]
[EventDate "2017.??.??"]
[EventType "swiss"]
[EventCountry "ROU"]
[SourceTitle "playchess.com"]
[Source "ChessBase"]
[SourceQuality "1"]

{[%evp 33,116,0,0,0,0,0,19,6,6,7,43,12,40,46,50,0,54,43,51,0,0,0,0,0,0,0,0,0,0,17,40,11,32,0,0,0,4,0,0,0,0,0,0,0,0,0,160,154,132,132,137,135,130,129,129,133,127,127,118,119,182,223,364,356,348,306,563,566,533,522,660,660,660,660,1795,1789,29976,29975,29992,29993,29993,29994,29998,29999,29999]} 1. d4 d5 2. c4 e6 3. Nc3 Bb4 4. Nf3 dxc4 5. e3 b5 6. Bd2 c6 7. a4 a5 8. axb5 Bxc3 9. Bxc3 cxb5 10. b3 Bb7 11. bxc4 b4 12. Bb2 Nf6 13. Bd3 Nbd7 14. O-O O-O 15. Re1 Be4 {D31: Queen's Gambit Declined: Semi-Slav without ...Nf6 (+ Marshall Gambit and Noteboom) and Exchange Variation lines without ...Nf6} (15... Ne4 16. c5 Bc6 17. Qc2 f5 18. Bc4 Qe7 19. Bb3 Kh8 20. Red1 Qe8 21. Ba4 Bxa4 22. Rxa4 Ndf6 23. Rda1 {0-1 (35) Kasimdzhanov,R (2705)-Grischuk,A (2810) Tbilisi 2015}) 16. Bxe4 Nxe4 17. Qc2 f5 $1 {LiveBook: 13 Games. The position is equal.} 18. Rec1 Qc7 19. Ne1 Qc6 20. Nd3 Rfb8 21. f3 Nef6 (21... b3 {seems wilder.} 22. Qe2 Nef6 23. Qe1 a4 24. Qd2 Rc8) 22. Qa4 $146 ({Find the theoretical novelty and annotate with similar games:} 22. Qd2 Nb6 23. Ne5 {½-½ (57) De Filomeno,S (2422)-Tan,M (2438) Rhodes 2013}) 22... Qxa4 (22... Qa6 {is more complex.} 23. Nf4 Qc8 24. Qb3 Qc6 25. d5 exd5 26. cxd5 Qb5) 23. Rxa4 Nb6 24. Ra2 Rc8 ({Black should play} 24... b3 $11 25. Raa1 a4) 25. c5 $1 $14 {[%cal Rc5b6]} Nbd5 26. Re1 (26. Rca1 $14) 26... Ne7 27. Ra4 Nc6 28. Nc1 Rcb8 29. e4 Kf7 30. Nb3 Rd8 31. Kf2 Ra7 32. h3 g5 33. Ke3 (33. d5 $5 exd5 34. exf5 $16) 33... Nh5 34. Rc1 Nf4 35. g3 Ng6 36. Kf2 h5 (36... Nge5 $5 {[%cal Re5d3]} 37. dxe5 Rd3 $11) 37. Ke2 h4 38. gxh4 Nxh4 39. Rg1 fxe4 $2 {[#]} (39... Kg6 $11) 40. fxe4 $16 Ng6 41. Rxg5 Rh8 42. Rg3 Rxh3 43. Rxh3 Nf4+ 44. Ke3 Nxh3 45. d5 exd5 46. exd5 {[%cal Be4d5,Bd5d6][%mdl 32]} Ne7 {[#]} (46... Re7+ $16 47. Kd3 Nf2+ 48. Kc4 Nd1) 47. Kd4 $1 $18 ({Worse is} 47. Nxa5 Nxd5+ 48. Kd4 Nhf4 $11) 47... Nf4 (47... Rd7 {keeps fighting.} 48. d6 (48. Rxa5 Nc6+ 49. Kc4 Nxa5+ 50. Nxa5 Nf4 $11) (48. Nxa5 Rxd5+ 49. Kc4 Rd2 $16) 48... Ke6 49. Nxa5 Nf5+ 50. Kc4 Nf2 51. Rxb4 Rh7) 48. d6 ({Weaker is} 48. Rxa5 Rxa5 49. Nxa5 Nfxd5 $11) (48. Nxa5 Nfxd5 49. Ra1 Ra6 $14) 48... Nc6+ 49. Ke4 Ne2 $2 (49... Ne6 50. Kd5 Ned8) 50. Kd5 Ra6 {If only Black now had time for ...Ke8....} 51. Kc4 Ke6 52. Kb5 $1 {[%csl LRa5,LRa6]} Nb8 53. Ra1 Kd7 54. Re1 Nc3+ 55. Bxc3 {White mates.} bxc3 56. Re7+ Kd8 57. Nd4 Ra8 58. Ne6+ Kc8 59. Rc7# {Precision: White = 82%, Black = 47%.} 1-0

[Event "EYCC 2017"]
[Site "Mamaia"]
[Date "2017.09.11"]
[Round "6"]
[White "Shubin, Kirill"]
[Black "Mukhutdinov, Tigran"]
[Result "1/2-1/2"]
[WhiteElo "2375"]
[BlackElo "2227"]
[Annotator "TA"]
[PlyCount "121"]
[EventDate "2017.??.??"]
[EventType "swiss"]
[EventCountry "ROU"]
[SourceTitle "playchess.com"]
[Source "ChessBase"]
[SourceQuality "1"]

{[%evp 25,121,12,22,8,13,-28,-16,-29,-40,-70,-18,-27,-18,-30,0,-60,-13,-13,-20,-48,-10,-32,0,0,0,0,0,0,56,46,64,47,8,27,125,117,206,211,187,145,138,118,130,127,127,102,123,63,55,-68,95,81,70,25,80,84,89,26,26,26,26,26,26,26,56,10,27,27,29,27,33,0,0,0,0,0,0,0,0,0,0,0,0,0,0,0,50,0,0,0,0,0,0,0,0,0,0,0]} 1. e4 e5 2. Nf3 Nc6 3. Bb5 {[%cal Bf1b5,Bb5a4,Ba4b3][%mdl 32]} a6 4. Ba4 Nf6 5. O-O Be7 6. d3 b5 7. Bb3 O-O 8. Nc3 d6 9. a3 Na5 {C77: Ruy Lopez: 3...a6 4 Ba4 Nf6, unusual lines} 10. Ba2 Be6 11. b4 Bxa2 12. Rxa2 Nc6 13. Bg5 Qd7 {[#] LiveBook: 6 Games} 14. Qa1 $146 (14. Bxf6 $5 Bxf6 15. Nd5 $11) ({Predecessor:} 14. Bxf6 Bxf6 15. Nd5 Bd8 16. a4 Ne7 17. Ne3 {½-½ (34) Anand,V (2785)-Aronian,L (2804) Bilbao 2014}) 14... Nh5 15. Bxe7 Nxe7 16. Qd1 Nf4 17. Ne2 Nxe2+ (17... Neg6 $15) 18. Qxe2 $11 Ng6 19. g3 f5 20. c4 (20. a4 $11) 20... fxe4 21. Qxe4 c6 22. Qe2 Rae8 23. Ng5 Qf5 24. Ne4 Re6 25. f3 Ne7 26. a4 bxc4 (26... Qg6 $11) 27. dxc4 $14 {[%cal Bd3c4,Bc4c5][%mdl 32]} Qg6 28. c5 d5 29. Nd6 Ra8 {[#]} (29... d4 $11) 30. b5 $1 $16 Rxd6 (30... Nf5 $16 {is a better defense.}) 31. cxd6 $18 Qxd6 32. bxc6 Nxc6 33. Rd1 Nb4 34. Rad2 Qc5+ 35. Kh1 Re8 36. Qe1 ({White should try} 36. Rb2 $16) 36... Qc3 $14 37. Kg2 (37. Qf1 $14) 37... Rf8 $2 {[#]} (37... Nc2 $15 {keeps the upper hand.} 38. Rxc2 Qxc2+ 39. Rd2 Qc3) 38. Qe2 $1 $16 h6 39. h4 Re8 (39... d4 $11) 40. a5 Rf8 41. Rxd5 (41. Rb1 $16) 41... Nxd5 $11 42. Rxd5 $16 {[%mdl 4096] Endgame KQR-KQR} Re8 $1 43. Qe4 Qb2+ 44. Kh3 {Threatens to win with Qc4.} Qa1 45. h5 Kh8 46. f4 {[%cal Rf4e5]} Qf1+ 47. Kh4 Qc1 48. Qa4 Qh1+ 49. Kg4 Qxd5 50. Qxe8+ $11 {KQ-KQ} Kh7 51. Qg6+ Kh8 52. Qxa6 Qd1+ 53. Kf5 exf4 54. Kxf4 Qd4+ 55. Kf3 {Threatening mate with Qa8+.} Qd1+ (55... Qd5+ {with more complications.} 56. Ke3 Qe5+ 57. Kd2 Qd4+ 58. Kc2 Qf2+) 56. Kg2 Qc2+ {The position is equal.} 57. Kg1 {Hoping for Qb5.} Qc1+ 58. Kh2 {And now Qe2 would win.} Qc2+ 59. Kh3 Qf5+ 60. Kg2 Qc2+ 61. Kf3 {Precision: White = 38%, Black = 51%.} 1/2-1/2

[Event "EYCC 2017"]
[Site "Mamaia"]
[Date "2017.09.11"]
[Round "6"]
[White "Gharibyan, Mamikon"]
[Black "Krstulovic, Alex"]
[Result "1/2-1/2"]
[WhiteElo "2365"]
[BlackElo "2261"]
[Annotator "NA"]
[PlyCount "52"]
[EventDate "2017.??.??"]
[EventType "swiss"]
[EventCountry "ROU"]
[SourceTitle "playchess.com"]
[Source "ChessBase"]
[SourceQuality "1"]
[TimeControl "40/5400+30:1800+30"]

1. d4 {[%emt 0:00:00]} d5 {[%emt 0:00:05]} 2. c4 {[%emt 0:00:00]} c6 {[%emt 0:00:06]} 3. Nf3 {[%emt 0:00:00]} Nf6 {[%emt 0:00:10]} 4. e3 {[%emt 0:00:03]} Bf5 {[%emt 0:00:14]} 5. Nc3 {[%emt 0:00:07]} a6 {[%emt 0:00:06]} 6. Bd3 {[%emt 0:08:22]} Bg6 {[%emt 0:00:25]} 7. O-O {[%emt 0:04:49]} e6 {[%emt 0:02:43]} 8. Re1 {[%emt 0:05:55]} Nbd7 {[%emt 0:09:32]} 9. e4 {[%emt 0:04:19]} dxe4 {[%emt 0:00:25]} 10. Nxe4 {[%emt 0:00:12]} Nxe4 {[%emt 0:00:31]} 11. Bxe4 {[%emt 0:00:06]} Bxe4 {[%emt 0:05:45]} 12. Rxe4 {[%emt 0:00:41]} Be7 {[%emt 0:00:14]} 13. b3 {[%emt 0:12:15]} O-O {[%emt 0:01:38]} 14. Bb2 {[%emt 0:01:45]} a5 {[%emt 0:04:32]} 15. Qc2 {[%emt 0:09:27]} Bf6 {[%emt 0:07:18]} 16. Rd1 {[%emt 0:01:57]} Qc7 {[%emt 0:11:32]} 17. g3 {[%emt 0:03:46]} Rfd8 {[%emt 0:02:29]} 18. h4 {[%emt 0:08:16]} c5 {[%emt 0:13:33]} 19. d5 {[%emt 0:11:26]} exd5 {[%emt 0:02:24]} 20. cxd5 {[%emt 0:02:33]} Bxb2 {[%emt 0:00:13]} 21. Qxb2 {[%emt 0:00:10]} Nf6 {[%emt 0:00:20]} 22. Re5 {[%emt 0:00:36]} Rd6 {[%emt 0:00:55]} 23. h5 {[%emt 0:01:29]} Rad8 {[%emt 0:06:45]} 24. h6 {[%emt 0:00:53]} gxh6 {[%emt 0:00:24]} 25. Qd2 {[%emt 0:02:56]} Rxd5 {[%emt 0:01:42]} 26. Qxh6 {[%emt 0:06:45]} Rxd1+ {[%emt 0:17:41]} 1/2-1/2

[Event "EYCC 2017"]
[Site "Mamaia"]
[Date "2017.09.11"]
[Round "6"]
[White "Salemgareev, Tagir"]
[Black "Parkhov, Yair"]
[Result "1-0"]
[WhiteElo "2354"]
[BlackElo "2391"]
[Annotator "NA"]
[PlyCount "66"]
[EventDate "2017.??.??"]
[EventType "swiss"]
[EventCountry "ROU"]
[SourceTitle "playchess.com"]
[Source "ChessBase"]
[SourceQuality "1"]
[TimeControl "40/5400+30:1800+30"]

1. d4 {[%emt 0:00:00]} Nf6 {[%emt 0:00:07]} 2. c4 {[%emt 0:00:00]} e6 {[%emt 0:00:06]} 3. Nf3 {[%emt 0:00:00]} b6 {[%emt 0:00:06]} 4. a3 {[%emt 0:00:01]} Bb7 {[%emt 0:00:06]} 5. Nc3 {[%emt 0:00:06]} d5 {[%emt 0:00:07]} 6. cxd5 {[%emt 0:00:07]} Nxd5 {[%emt 0:00:06]} 7. e3 {[%emt 0:00:38]} Be7 {[%emt 0:00:10]} 8. Bb5+ {[%emt 0:01:08]} c6 {[%emt 0:00:09]} 9. Bd3 {[%emt 0:00:04]} O-O {[%emt 0:00:46]} 10. O-O {[%emt 0:00:06]} c5 {[%emt 0:05:07]} 11. e4 {[%emt 0:01:41]} Nxc3 {[%emt 0:00:41]} 12. bxc3 {[%emt 0:00:06]} cxd4 {[%emt 0:09:46]} 13. cxd4 {[%emt 0:00:19]} Nc6 {[%emt 0:00:19]} 14. Bb2 {[%emt 0:15:12]} Rc8 {[%emt 0:03:46]} 15. Qe2 {[%emt 0:01:21]} Na5 {[%emt 0:06:58]} 16. Rad1 {[%emt 0:05:42]} Bf6 {[%emt 0:03:27]} 17. Rfe1 {[%emt 0:05:44]} Qc7 {[%emt 0:18:18]} 18. Nd2 {[%emt 0:10:06]} Qc6 {[%emt 0:09:44]} 19. Qg4 {[%emt 0:05:05]} Qa4 {[%emt 0:06:50]} 20. e5 {[%emt 0:05:19]} Be7 {[%emt 0:00:06]} 21. Re3 {[%emt 0:04:40]} g6 {[%emt 0:03:01]} 22. Rde1 {[%emt 0:03:56]} Rfd8 {[%emt 0:05:59]} 23. Rh3 {[%emt 0:05:43]} Bd5 {[%emt 0:04:51]} 24. Qf4 {[%emt 0:12:14]} Bf8 {[%emt 0:00:17]} 25. Rxh7 {[%emt 0:03:11]} Bg7 {[%emt 0:13:15]} 26. Qh4 {[%emt 0:03:54]} Nb3 {[%emt 0:01:53]} 27. Nxb3 {[%emt 0:06:26]} Qxb3 {[%emt 0:00:31]} 28. Bc1 {[%emt 0:00:08]} Rxc1 {[%emt 0:06:02]} 29. Rxc1 {[%emt 0:00:08]} Rf8 {[%emt 0:00:42]} 30. Bf1 {[%emt 0:03:15]} Be4 {[%emt 0:01:36]} 31. Rxg7+ {[%emt 0:00:27]} Kxg7 {[%emt 0:00:07]} 32. Qxe4 {[%emt 0:00:05]} Qxa3 {[%emt 0:00:10]} 33. Rc7 {[%emt 0:00:23]} Qa2 1-0